Word Ladder with Bands/Artists - Statistics

General Stats
  • This quiz has been taken 41 times
  • The average score is 12 of 30
Answer Stats
Hint Answer % Correct
Made Dookie and American Idiot Green Day
97%
King of Rock who made Jailhouse Rock Elvis Presley
74%
Pianist who made I'm Still Standing Elton John
71%
Rapper from Detroit who has a movie about him called 8 Mile Eminem
71%
Changed music forever with the explosion of grunge Nirvana
71%
Known to have broken up The Beatles Yoko Ono
68%
Alternative rock band who made the album Californication Red Hot Chili Peppers
63%
Electronic band who made the album OK Computer Radiohead
61%
Nu Metal band with a female singer who made Bring Me To Life Evanescence
55%
Metal band known for wearing masks Slipknot
55%
Band whos' singer is currently on the voice and made Just A Girl No Doubt
53%
Rap group from Compton N.W.A
53%
Armenian Nu Metal band who made the album Toxicity! System Of A Down
42%
Electronic Rock band who made the song Supermassive Black Hole Muse
37%
Famous for their 1995 song 1979 The Smashing Pumpkins
37%
Rock band from the U.K who made the album AM Arctic Monkeys
34%
Rapper who made the album Igor Tyler, The Creator
34%
Metal band who made The Trooper Iron Maiden
32%
Another great grunge band whos' singer overdosed Alice in Chains
29%
Heavy Metal band who made the song Raining Blood Slayer
29%
Nu Metal band who created the album Around the Fur Deftones
26%
Rapper who murdered two of his friends YNW Melly
24%
Ska band whos' singer died right before they got big Sublime
21%
Started as a punk band and told girls to grope male crowd surfers The Offspring
13%
Post Punk band whos' singer is known for being a bad person The Smiths
13%
Hardcore straight-edge punk band who made Can't Close My Eyes Youth of Today
13%
Known on TikTok for his stupid songs and beats Yuno Miles
11%
Boston hardcore band who loves Alcohol Gang Green
8%
Hardcore beat down band from San Jose Sunami
8%
Thrash Emo band Thrice
8%
No matching quizzes found
Score Distribution
Percent of People with Each Score
Percentile by Number Answered
Your Score History
You have not taken this quiz